Movie Title Jobs Match Quiz Stats

 Plays Quiz Updated Aug 30, 2016

Score 0/24 Timer 04:00
2 Plays Today
% Correct
_ Dolittle
97.1%
Saving _ Ryan
96.3%
Taxi _
95.7%
Ace Ventura: Pet _
95.4%
The Nutty _
94.5%
The Lone _
94.5%
The Wedding _
94.4%
_ McPhee Returns
94%
_ on the Roof
94%
The Deer _
93.8%
_ in Manhattan
90.9%
Captain America: The Winter _
89.9%
% Correct
The _ Always Rings Twice
89.6%
_ Phillips
88.8%
Gods and _
88.2%
The _ of Venice
87.5%
_ Carter
87.2%
The Ghost _
86.1%
Midnight _
81.9%
The Secret _
80.6%
The English _
79.4%
The Constant _
74.7%
_ Land
69.8%
The _ of Panama
64%

You're not logged in!

Compare scores with friends on all Sporcle quizzes.
OR
Log In

You Might Also Like...

Show Comments

Extras

Top Quizzes Today


Score Distribution

Your Account Isn't Verified!

In order to create a playlist on Sporcle, you need to verify the email address you used during registration. Go to your Sporcle Settings to finish the process.

Report this User

Report this user for behavior that violates our Community Guidelines.

Details: